000
00264nam a2200109Ia 4500
008
220204s9999 xx 000 0 und d
082
_a
82-3
_b
MAC
100
_a
MacInnes, Helen
245
0
_a
Neither five nor three
260
_a
New York
_b
Fawcett
_c
1979
942
_c
BK
999
_c
37497
_d
37497